[Event "II Sofia open championship"]
[Site "?"]
[Date "2011.10.05"]
[Round "4.1"]
[White "Petkov, Vladimir"]
[Black "Trickov, Vasil"]
[Result "1/2-1/2"]
[WhiteElo "2511"]
[BlackElo "2319"]
[PlyCount "60"]
[EventDate "2011.10.03"]
[SourceDate "2011.10.03"]

1. d4 d5 2. c4 c6 3. Nf3 Nf6 4. Nc3 dxc4 5. a4 Bf5 6. e3 e6 7. Bxc4 Bb4 8. O-O
Nbd7 9. Qb3 a5 10. Ne5 Nxe5 11. dxe5 Nd7 12. e4 Bg6 13. Rd1 Qe7 14. Bf4 Nc5 15.
Qc2 Bxc3 16. Qxc3 Nxe4 17. Qe3 O-O 18. f3 Qb4 19. Bf1 Nc5 20. Rac1 Na6 21. Bxa6
Rxa6 22. b3 Qb6 23. Rd7 Qxe3+ 24. Bxe3 b5 25. Rc7 bxa4 26. bxa4 h6 27. R7xc6
Rxc6 28. Rxc6 Rd8 29. Rc5 Rd5 30. Rxd5 exd5 1/2-1/2

[Event "II Sofia open championship"]
[Site "?"]
[Date "2011.10.05"]
[Round "4.2"]
[White "Nikolov, Sasho"]
[Black "Orev, Petar"]
[Result "1-0"]
[WhiteElo "2404"]
[BlackElo "2204"]
[PlyCount "59"]
[EventDate "2011.10.03"]
[SourceDate "2011.10.03"]

1. d4 Nf6 2. c4 g6 3. Nc3 Bg7 4. e4 d6 5. Nf3 O-O 6. h3 c5 7. d5 a6 8. a4 e6 9.
Bd3 Re8 10. O-O exd5 11. cxd5 c4 12. Bc2 Nbd7 13. Bf4 Ne5 14. Nxe5 dxe5 15. Be3
Bd7 16. a5 Nh5 17. Na4 Bb5 18. Nb6 c3 19. bxc3 Bxf1 20. Kxf1 Rb8 21. Ba4 Re7
22. c4 Nf6 23. Qf3 Ne8 24. c5 Bf8 25. Rd1 f6 26. d6 Rg7 27. Bb3+ Kh8 28. Bh6
Rg8 29. Bxg8 Kxg8 30. Qb3+ 1-0

[Event "II Sofia open championship"]
[Site "?"]
[Date "2011.10.05"]
[Round "4.3"]
[White "Filev, Georgi"]
[Black "Gocheva, Rumyana"]
[Result "1-0"]
[WhiteElo "2350"]
[BlackElo "2152"]
[PlyCount "95"]
[EventDate "2011.10.03"]
[SourceDate "2011.10.03"]

1. e4 c5 2. Nf3 Nc6 3. d4 cxd4 4. Nxd4 Nf6 5. Nc3 d6 6. Bg5 Bd7 7. Qd2 h6 8.
Bxf6 gxf6 9. Nf5 Qa5 10. Bd3 e6 11. Ne3 a6 12. O-O Be7 13. Nc4 Qc7 14. Qe3 Ne5
15. Nb6 Rd8 16. Nxd7 Rxd7 17. Kh1 Qc5 18. Qe2 Rc7 19. f4 Nc4 20. Bxc4 Qxc4 21.
Qh5 b5 22. a3 f5 23. exf5 Rc5 24. Qf3 O-O 25. fxe6 fxe6 26. Rae1 Rcf5 27. Re4
Qc8 28. Qe2 R8f6 29. Rf3 d5 30. Re5 Bf8 31. Rg3+ Kf7 32. Rxf5 Rxf5 33. Rf3 Qc7
34. g3 Bd6 35. Qd3 Qc4 36. Kg2 h5 37. Ne2 Qxd3 38. Rxd3 Bc5 39. Rc3 d4 40. Rd3
e5 41. fxe5 Rxe5 42. Kf3 Rf5+ 43. Nf4 Kf6 44. Rd2 Re5 45. Re2 Rxe2 46. Kxe2 h4
47. Kf3 hxg3 48. hxg3 1-0

[Event "II Sofia open championship"]
[Site "?"]
[Date "2011.10.05"]
[Round "4.7"]
[White "Krastev, Goran"]
[Black "Gochev, Mladen"]
[Result "0-1"]
[WhiteElo "1972"]
[BlackElo "2253"]
[PlyCount "64"]
[EventDate "2011.10.03"]
[SourceDate "2011.10.03"]

1. d4 Nf6 2. Nf3 c5 3. c3 e6 4. Bf4 b6 5. e3 Bb7 6. Nbd2 Be7 7. Bd3 Nh5 8. Bg3
d6 9. Qc2 h6 10. O-O Nd7 11. Ne4 Nxg3 12. Nxg3 O-O 13. Rad1 Rc8 14. Qe2 Rc7 15.
Nd2 Nf6 16. f4 Re8 17. e4 cxd4 18. cxd4 Bf8 19. Nh5 Nxh5 20. Qxh5 g6 21. Qh3
Bg7 22. Nf3 f5 23. d5 fxe4 24. Bxe4 Bxd5 25. Bxg6 Rf8 26. Rxd5 exd5 27. Qe6+
Kh8 28. Bb1 Qf6 29. Qxd5 Qxf4 30. Qd3 Bxb2 31. g3 Qc4 32. Qg6 Bd4+ 0-1

[Event "II Sofia open championship"]
[Site "?"]
[Date "2011.10.05"]
[Round "4.12"]
[White "Metev, Martin"]
[Black "Spassov, Liuben"]
[Result "1/2-1/2"]
[WhiteElo "2022"]
[BlackElo "2367"]
[PlyCount "50"]
[EventDate "2011.10.03"]
[SourceDate "2011.10.03"]

1. e4 c5 2. Nf3 e6 3. d4 cxd4 4. Nxd4 a6 5. c4 Nf6 6. Nc3 Bb4 7. Bd3 Qc7 8. O-O
Nc6 9. Nxc6 dxc6 10. a3 Be7 11. f4 e5 12. f5 Bc5+ 13. Kh1 h5 14. Qe2 Ng4 15. h3
Qd8 16. Bc2 Qh4 17. Qf3 Bd7 18. Bd2 b5 19. b4 Bd4 20. c5 a5 21. Ra2 axb4 22.
axb4 Rxa2 23. Nxa2 Nf2+ 24. Kh2 Ng4+ 25. Kh1 Nf2+ 1/2-1/2

[Event "II Sofia open championship"]
[Site "?"]
[Date "2011.??.05"]
[Round "4.6"]
[White "Kostov, Nikolay"]
[Black "Badev, Kiril"]
[Result "0-1"]
[WhiteElo "1981"]
[BlackElo "2317"]
[PlyCount "112"]
[EventDate "2011.10.03"]
[SourceDate "2011.10.03"]

1. d4 Nf6 2. c4 g6 3. Nf3 Bg7 4. Nc3 O-O 5. e4 c6 6. Be2 d5 7. cxd5 cxd5 8. e5
Ne4 9. Qb3 Nxc3 10. bxc3 Nc6 11. O-O Na5 12. Qc2 Bf5 13. Bd3 Bxd3 14. Qxd3 e6
15. h4 h6 16. g3 Rc8 17. Kg2 Qc7 18. h5 Qc4 19. Qxc4 Nxc4 20. hxg6 fxg6 21. Rb1
Rf7 22. Nh4 g5 23. Nf3 Rcf8 24. Nh2 Kh7 25. Ng4 Kg6 26. Ne3 Nxe3+ 27. Bxe3 g4
28. Rb4 Rc8 29. Rfb1 b6 30. Bd2 h5 31. a4 Bh6 32. Bxh6 Kxh6 33. a5 bxa5 34. Ra4
Rxc3 35. Rxa5 Rc2 36. Rf1 Rd2 37. Ra6 Re7 38. Ra4 Kg5 39. Rfa1 Kf5 40. Kg1 Rc7
41. Kg2 Re2 42. Rb1 Rcc2 43. Rf1 Ra2 44. Rb4 Ke4 45. Kg1 Rad2 46. Ra4 Rxd4 47.
Rxa7 Kf5 48. Rf7+ Kg5 49. Kg2 Rxe5 50. Rh1 Rf5 51. Rh7 Kg6 52. Rh8 Rd2 53. Rf1
Re2 54. Rd8 Kf7 55. Rd7+ Kf6 56. Ra7 d4 0-1

[Event "II Sofia open championship"]
[Site "?"]
[Date "2011.10.05"]
[Round "4.5"]
[White "Andreev, Dobrotich"]
[Black "Kukov, Velislav"]
[Result "0-1"]
[WhiteElo "2067"]
[BlackElo "2425"]
[PlyCount "32"]
[EventDate "2011.10.03"]
[SourceDate "2011.10.03"]

1. e4 d6 2. d4 e5 3. Ne2 Nf6 4. Nbc3 Be7 5. f3 O-O 6. Be3 Nbd7 7. g4 Nb6 8. d5
c6 9. g5 Nh5 10. Ng3 Nf4 11. Bxf4 exf4 12. Nh5 g6 13. Nxf4 Bxg5 14. Nfe2 Nc4
15. f4 Bxf4 16. Ng3 Bd2+ 0-1

[Event "II Sofia open championship"]
[Site "?"]
[Date "2011.10.05"]
[Round "4.9"]
[White "Nikolov, Savko"]
[Black "Tsekov, Milen"]
[Result "1-0"]
[WhiteElo "1934"]
[BlackElo "2158"]
[PlyCount "85"]
[EventDate "2011.10.03"]
[SourceDate "2011.10.03"]

1. d4 Nf6 2. c4 e6 3. Nf3 d5 4. a3 dxc4 5. Nc3 a6 6. g3 b5 7. Bg2 Bb7 8. O-O c5
9. Bg5 cxd4 10. Bxf6 gxf6 11. Nxd4 Bxg2 12. Kxg2 Bc5 13. e3 Bxd4 14. exd4 Nc6
15. d5 Ne7 16. Re1 e5 17. Qf3 Ng6 18. Ne4 O-O 19. Nxf6+ Kg7 20. Ng4 f6 21. Rad1
Ra7 22. Ne3 Kh8 23. Nf5 Ne7 24. Nh4 Rd7 25. a4 Rxd5 26. Nf5 Rd7 27. Nxe7 Qxe7
28. axb5 axb5 29. Qc6 Rxd1 30. Rxd1 Qe8 31. Qc5 Rf7 32. Rd6 Qe7 33. Qc6 Kg7 34.
Re6 Qb4 35. Re8 Qxb2 36. Qc8 Qe2 37. Rg8+ Kh6 38. Rg4 Rg7 39. Rh4+ Kg5 40. Qf8
Rg6 41. Qc8 h5 42. Rf4 exf4 43. h4+ 1-0

[Event "II Sofia open championship"]
[Site "?"]
[Date "2011.10.05"]
[Round "4.16"]
[White "Vasilev, Rosen"]
[Black "Miteva, Silvena"]
[Result "0-1"]
[WhiteElo "1914"]
[BlackElo "1676"]
[PlyCount "70"]
[EventDate "2011.10.03"]
[SourceDate "2011.10.03"]

1. e4 c5 2. Nf3 a6 3. d4 cxd4 4. Nxd4 Nf6 5. Nc3 e5 6. Nb3 d6 7. Be2 Be7 8. Be3
Be6 9. Bf3 Nbd7 10. Qd2 b5 11. a3 Rc8 12. h3 Nb6 13. Bxb6 Qxb6 14. O-O O-O 15.
g4 Nd7 16. Kg2 Qd8 17. Rfd1 Nb6 18. Na5 Qc7 19. Rac1 Nd7 20. Nd5 Bxd5 21. exd5
h6 22. Nc6 Bg5 23. Qe2 Bxc1 24. Rxc1 Nf6 25. Qd3 Rfe8 26. Be4 Nxe4 27. Qxe4 Qb6
28. b4 Rxc6 29. dxc6 Rc8 30. c4 Rxc6 31. c5 dxc5 32. f3 c4 33. Qxe5 Re6 34. Qf5
Re2+ 35. Kh1 Qc7 0-1

[Event "II Sofia open championship"]
[Site "?"]
[Date "2011.10.06"]
[Round "5.1"]
[White "Filev, Georgi"]
[Black "Nikolov, Sasho"]
[Result "1/2-1/2"]
[WhiteElo "2350"]
[BlackElo "2404"]
[PlyCount "80"]
[EventDate "2011.10.03"]
[SourceDate "2011.10.03"]

1. e4 c6 2. d4 d5 3. e5 Bf5 4. Nf3 e6 5. Be2 Nd7 6. O-O Bg6 7. Nbd2 Nh6 8. Nb3
Nf5 9. c3 a6 10. a4 c5 11. a5 Rc8 12. Bg5 Be7 13. Bxe7 Qxe7 14. Nxc5 Nxc5 15.
dxc5 Qxc5 16. Ra4 O-O 17. Nd4 Rc7 18. Nxf5 Bxf5 19. Qd4 Rfc8 20. Rfa1 Qxd4 21.
Rxd4 Rc5 22. f4 f6 23. Kf2 fxe5 24. fxe5 Rf8 25. Ke3 Be4 26. g4 Bc2 27. Rb4 Rc7
28. Rf1 Rxf1 29. Bxf1 g5 30. Rb6 Kf7 31. Bd3 Bd1 32. Be2 Ba4 33. Kd4 Ke7 34.
Ke3 Bc6 35. Kd4 Rc8 36. Ke3 Kd7 37. Rb4 Rf8 38. Rd4 Kc7 39. Rb4 Kd7 40. Rd4 Kc7
1/2-1/2

[Event "II Sofia open championship"]
[Site "?"]
[Date "2011.10.06"]
[Round "5.2"]
[White "Trickov, Vasil"]
[Black "Stoyanov, Ivaylo"]
[Result "1-0"]
[WhiteElo "2317"]
[BlackElo "2000"]
[PlyCount "85"]
[EventDate "2011.10.03"]
[SourceDate "2011.10.03"]

1. d4 g6 2. c4 Bg7 3. Nc3 d6 4. Nf3 Nc6 5. g3 e5 6. dxe5 Nxe5 7. Bg2 Ne7 8.
Nxe5 Bxe5 9. O-O O-O 10. Bg5 Bg7 11. Qc1 f6 12. Bd2 Rb8 13. Rd1 Be6 14. b3 Qc8
15. Qa3 a6 16. Rac1 Bh3 17. c5 dxc5 18. Qxc5 Bxg2 19. Kxg2 Rf7 20. Bf4 Nc6 21.
Nd5 g5 22. Be3 Bf8 23. Qc4 Qe6 24. Nb6 Re8 25. Qxe6 Rxe6 26. Nd5 Bd6 27. Rc2
Nb4 28. Nxb4 Bxb4 29. Rd8+ Kg7 30. h4 gxh4 31. Rc4 h3+ 32. Kxh3 Bf8 33. Rg4+
Kh8 34. Bh6 f5 35. Rh4 Kg8 36. Rh5 Ref6 37. e3 c6 38. Kg2 Kh8 39. Kf3 Kg8 40.
Kf4 Rd6 41. Rg5+ Rg6 42. Rxg6+ hxg6 43. Kg5 1-0

[Event "II Sofia open championship"]
[Site "?"]
[Date "2011.10.06"]
[Round "5.3"]
[White "Kukov, Velislav"]
[Black "Petkov, Vladimir"]
[Result "0-1"]
[WhiteElo "2425"]
[BlackElo "2511"]
[PlyCount "82"]
[EventDate "2011.10.03"]
[SourceDate "2011.10.03"]

1. Nf3 Nf6 2. c4 g6 3. Nc3 d5 4. Qa4+ Bd7 5. Qb3 dxc4 6. Qxc4 a6 7. e4 b5 8.
Qe2 c5 9. d3 Bg4 10. e5 Nd5 11. h3 Be6 12. Ne4 Nd7 13. Nfg5 Qb6 14. Nxe6 fxe6
15. f4 Bh6 16. g3 O-O 17. Bg2 c4 18. dxc4 bxc4 19. Nc3 Nb4 20. Bxa8 Rxa8 21.
Be3 Nc2+ 22. Kf2 Nxe3 23. Qxe3 Qxb2+ 24. Ne2 Rf8 25. Kg2 g5 26. Rab1 gxf4 27.
Rxb2 fxe3 28. Rf1 Rc8 29. Rc1 Nxe5 30. Rb6 Rd8 31. Rxe6 Bg7 32. Rxe5 Bxe5 33.
Rxc4 Rd2 34. Kf3 Rxa2 35. Kxe3 a5 36. g4 a4 37. Nc1 Ra1 38. Ke4 Bf6 39. Kf5 Kf7
40. g5 Bb2 41. Nd3 a3 0-1

[Event "II Sofia open championship"]
[Site "?"]
[Date "2011.10.06"]
[Round "5.4"]
[White "Badev, Kiril"]
[Black "Stoyanov, Tihomir"]
[Result "1-0"]
[WhiteElo "2317"]
[BlackElo "2190"]
[PlyCount "27"]
[EventDate "2011.10.03"]
[SourceDate "2011.10.03"]

1. e4 c5 2. Nf3 d6 3. d4 cxd4 4. Nxd4 Nf6 5. Nc3 a6 6. Bc4 Qc7 7. Bb3 Nbd7 8.
Bg5 Nc5 9. Bxf6 Nxb3 10. cxb3 gxf6 11. Nd5 Qb8 12. Rc1 Bh6 13. Rc3 Kf8 14. Nb6
1-0

[Event "II Sofia open championship"]
[Site "?"]
[Date "2011.10.06"]
[Round "5.5"]
[White "Gochev, Mladen"]
[Black "Ljangov, Petar"]
[Result "1-0"]
[WhiteElo "2253"]
[BlackElo "2113"]
[PlyCount "79"]
[EventDate "2011.10.03"]
[SourceDate "2011.10.03"]

1. e4 c5 2. Nf3 d6 3. d4 cxd4 4. Nxd4 Nf6 5. Nc3 a6 6. g3 e5 7. Nb3 Be7 8. Bg2
O-O 9. O-O Nbd7 10. a4 b6 11. Re1 Bb7 12. Nd2 Qc7 13. Nf1 Nc5 14. Bg5 Ne6 15.
Bxf6 Bxf6 16. Ne3 Bg5 17. Ncd5 Bxd5 18. Nxd5 Qb7 19. h4 Be7 20. c3 Rfd8 21. Bf1
Bf8 22. Bc4 Ra7 23. Nb4 Rc8 24. Qe2 Nc5 25. Bd5 Qd7 26. b3 a5 27. Nc2 Ne6 28.
Na3 Nc7 29. Red1 Rb8 30. Rd3 Qe8 31. Rf3 Ne6 32. Nb5 Rd7 33. Rd1 g6 34. Rd2 Kg7
35. Rfd3 Qd8 36. Bxe6 fxe6 37. Na3 h5 38. Nc4 Qc7 39. Nxe5 Rdd8 40. Nf3 1-0

[Event "II Sofia open championship"]
[Site "?"]
[Date "2011.10.06"]
[Round "5.6"]
[White "Orev, Petar"]
[Black "Nikolov, Savko"]
[Result "1-0"]
[WhiteElo "2204"]
[BlackElo "1934"]
[PlyCount "73"]
[EventDate "2011.10.03"]
[SourceDate "2011.10.03"]

1. c4 Nf6 2. g3 c5 3. Bg2 Nc6 4. Nc3 d6 5. e3 g6 6. Nge2 Be6 7. b3 Bg7 8. O-O
O-O 9. d4 Bd7 10. Bb2 a6 11. Qd2 Qc7 12. Nf4 e6 13. d5 Ne7 14. dxe6 fxe6 15.
Rad1 Ne8 16. Ne4 Bxb2 17. Qxb2 e5 18. Nd5 Nxd5 19. Rxd5 Bc6 20. Rd2 Rd8 21.
Rfd1 Bxe4 22. Bxe4 Nf6 23. Bd5+ Kg7 24. f4 Ng4 25. Rd3 Kh6 26. Bf3 e4 27. Bxe4
Qe7 28. Qg2 Rfe8 29. h3 Nf6 30. Bxb7 d5 31. Bxd5 Nxd5 32. cxd5 c4 33. d6 Qa7
34. bxc4 Rxe3 35. Qf2 Rde8 36. Rxe3 Rxe3 37. Kh2 1-0

[Event "II Sofia open championship"]
[Site "?"]
[Date "2011.10.06"]
[Round "5.8"]
[White "Gocheva, Rumyana"]
[Black "Andreev, Stanislav"]
[Result "1/2-1/2"]
[WhiteElo "2152"]
[BlackElo "2201"]
[PlyCount "95"]
[EventDate "2011.10.03"]
[SourceDate "2011.10.03"]

1. e4 c6 2. d4 d5 3. Nd2 g6 4. c3 Bg7 5. Bd3 Nh6 6. h4 Nd7 7. h5 Nf6 8. hxg6
hxg6 9. Ngf3 dxe4 10. Nxe4 Nxe4 11. Bxe4 Bf5 12. Bxf5 Nxf5 13. Rxh8+ Bxh8 14.
Bf4 Qd5 15. Qe2 O-O-O 16. g4 Nd6 17. O-O-O Bf6 18. g5 Bg7 19. Be5 Bxe5 20. dxe5
Qe4 21. Re1 Qf4+ 22. Qe3 Qxe3+ 23. fxe3 Ne4 24. e6 fxe6 25. Rg1 Rf8 26. Ne5 Rf5
27. Nxg6 Kd7 28. Rd1+ Ke8 29. Nf4 Nxg5 30. Rh1 e5 31. Nd3 Ne4 32. Rh4 Nd6 33.
e4 Rg5 34. b3 b6 35. a4 Nf7 36. c4 c5 37. b4 cxb4 38. Nxb4 Nd6 39. Nd5 Nxc4 40.
Rh7 Rg4 41. Rxe7+ Kd8 42. Rxa7 Nd6 43. Ra8+ Nc8 44. Nxb6 Kc7 45. Nxc8 Rxe4 46.
Ne7 Kb7 47. Ra5 Kb6 48. Rb5+ 1/2-1/2

[Event "II Sofia open championship"]
[Site "?"]
[Date "2011.10.06"]
[Round "5.9"]
[White "Spassov, Liuben"]
[Black "Raykov, Stefan"]
[Result "1-0"]
[WhiteElo "2367"]
[BlackElo "1753"]
[PlyCount "71"]
[EventDate "2011.10.03"]
[SourceDate "2011.10.03"]

1. d4 d5 2. c4 dxc4 3. Nf3 Nf6 4. e3 Bg4 5. Bxc4 e6 6. Nc3 Nbd7 7. h3 Bh5 8. g4
Bg6 9. Nh4 Bb4 10. Nxg6 hxg6 11. Bd2 c6 12. Qf3 Qc7 13. a3 Bxc3 14. bxc3 Nb6
15. Bb3 Rd8 16. a4 Nc8 17. Kf1 Nd6 18. Kg2 Nfe4 19. Be1 Qe7 20. Qe2 Rh7 21. f3
Nf6 22. Bg3 Kd7 23. e4 Nde8 24. Rab1 Kc8 25. Qe3 Nd7 26. Rb2 f6 27. Rhb1 Nb8
28. Qf4 Nd6 29. e5 fxe5 30. Qxe5 Kd7 31. Bxe6+ Ke8 32. Re1 Kf8 33. Qf4+ Qf6 34.
Qxd6+ Rxd6 35. Bxd6+ Ke8 36. Rxb7 1-0

[Event "II Sofia open championship"]
[Site "?"]
[Date "2011.10.06"]
[Round "5.11"]
[White "Georgiev, Dimitar"]
[Black "Andreev, Dobrotich"]
[Result "0-1"]
[WhiteElo "1873"]
[BlackElo "2067"]
[PlyCount "48"]
[EventDate "2011.10.03"]
[SourceDate "2011.10.03"]

1. e4 c6 2. d4 d5 3. exd5 cxd5 4. Bd3 Nc6 5. c3 g6 6. Bf4 Bf5 7. Bxf5 gxf5 8.
Nf3 Bg7 9. Qb3 Qd7 10. O-O e6 11. Re1 Nge7 12. Qc2 Rd8 13. Qd2 Ng6 14. Bh6 O-O
15. h4 Qe7 16. Bxg7 Kxg7 17. h5 Nh4 18. Ng5 h6 19. Nh3 Rg8 20. Re3 Kh7 21. g3
f4 22. Nxf4 Qg5 23. Qd3+ Nf5 24. Nd2 Qxf4 0-1

[Event "II Sofia open championship"]
[Site "?"]
[Date "2011.10.06"]
[Round "5.12"]
[White "Miteva, Silvena"]
[Black "Metev, Martin"]
[Result "0-1"]
[WhiteElo "1676"]
[BlackElo "2022"]
[PlyCount "50"]
[EventDate "2011.10.03"]
[SourceDate "2011.10.03"]

1. e4 g6 2. d4 Bg7 3. Be3 d6 4. Nc3 Nf6 5. h3 c5 6. dxc5 Qa5 7. Bd2 Qxc5 8. Be3
Qb4 9. Qd2 Nxe4 10. Nxe4 Qxe4 11. c3 O-O 12. Nf3 Qa4 13. Bd3 Nc6 14. h4 Bg4 15.
Ng5 Ne5 16. Bc2 Qb5 17. b3 Rac8 18. Bd4 Nc6 19. Bxg7 Kxg7 20. h5 Qe5+ 21. Kf1
h6 22. Nxf7 Rxf7 23. hxg6 Qf4 24. Qxf4 Rxf4 25. g3 Rf6 0-1

[Event "II Sofia open championship"]
[Site "?"]
[Date "2011.10.07"]
[Round "6.10"]
[White "Gocheva, Rumiana"]
[Black "Nikolov, Savko"]
[Result "1-0"]
[WhiteElo "2152"]
[BlackElo "1934"]
[PlyCount "63"]
[EventDate "2011.10.03"]
[SourceDate "2011.10.03"]

1. e4 c5 2. Nf3 Nc6 3. d4 cxd4 4. Nxd4 g6 5. Nc3 Bg7 6. Nb3 Nf6 7. Be2 O-O 8.
O-O d6 9. Re1 Be6 10. Bg5 Nd7 11. Qd2 f5 12. Bb5 Nde5 13. Nd5 a6 14. Bxc6 Nxc6
15. exf5 Bxf5 16. Nxe7+ Nxe7 17. Bxe7 Qb6 18. Bxf8 Rxf8 19. c3 Be5 20. Nd4 Bd7
21. Nf3 Bf6 22. Rad1 Bg4 23. Qd5+ Kg7 24. Qb3 Qc7 25. Rd3 Bf5 26. Nd4 Bh4 27.
g3 Bg5 28. Ne6+ Bxe6 29. Rxe6 Qf7 30. Re2 Qf5 31. Qxb7+ Rf7 32. Qd5 1-0

[Event "II Sofia open championship"]
[Site "?"]
[Date "2011.10.07"]
[Round "6.5"]
[White "Stoyanov, Ivaylo"]
[Black "Tsekov, Milen"]
[Result "1-0"]
[WhiteElo "2000"]
[BlackElo "2158"]
[PlyCount "63"]
[EventDate "2011.10.03"]
[SourceDate "2011.10.03"]

1. e4 e6 2. d4 d5 3. Nc3 Nf6 4. e5 Nfd7 5. f4 c5 6. Nf3 Nc6 7. Be3 Qb6 8. Na4
Qa5+ 9. c3 c4 10. b4 Qc7 11. Be2 g6 12. O-O Bg7 13. Nh4 Ne7 14. g4 f5 15. gxf5
Nxf5 16. Nxf5 gxf5 17. Bh5+ Kd8 18. Bf2 Bf8 19. Bh4+ Be7 20. Bxe7+ Kxe7 21. Qe1
Nf8 22. Qh4+ Kd7 23. Nc5+ Kc6 24. Be8+ Bd7 25. Bxd7+ Nxd7 26. Nxe6 Qc8 27. Qe7
b6 28. Qd6+ Kb7 29. Qxd5+ Qc6 30. Qxc6+ Kxc6 31. d5+ Kb7 32. Kf2 1-0

[Event "II Sofia open championship"]
[Site "?"]
[Date "2011.10.07"]
[Round "6.2"]
[White "Nikolov, Sasho"]
[Black "Trichkov, Vastl"]
[Result "1-0"]
[WhiteElo "2404"]
[BlackElo "2319"]
[PlyCount "115"]
[EventDate "2011.10.03"]
[SourceDate "2011.10.03"]

1. e4 c5 2. Nf3 d6 3. d4 Nf6 4. Nc3 cxd4 5. Nxd4 a6 6. Be3 e5 7. Nb3 Be6 8. Qd2
Be7 9. f3 d5 10. exd5 Nxd5 11. Nxd5 Qxd5 12. Qxd5 Bxd5 13. O-O-O Be6 14. Nc5
Bxc5 15. Bxc5 Nd7 16. Bd6 f6 17. Bd3 O-O-O 18. Be7 Rde8 19. Bb4 Nb6 20. Rhe1
Nd5 21. Ba5 Re7 22. g3 g6 23. Bf1 Rd7 24. c4 Ne7 25. Rxd7 Bxd7 26. Bc3 Re8 27.
b3 Bc6 28. f4 exf4 29. gxf4 f5 30. Bf6 Be4 31. Kb2 Nc6 32. Kc3 Rf8 33. Bh4 h6
34. b4 Rg8 35. Bh3 Kc7 36. b5 axb5 37. cxb5 Ra8 38. Bf1 Nd8 39. Bc4 b6 40. Rd1
Nb7 41. Bf6 Nc5 42. Be5+ Kb7 43. Rd6 g5 44. Rxh6 Rc8 45. Rh7+ Ka8 46. fxg5 Ne6
47. h4 Bd5 48. Rh8 Nd8 49. Bc7 Bxc4 50. Rxd8 Rxd8 51. Bxd8 Bxb5 52. g6 Be8 53.
h5 Kb7 54. Kd4 f4 55. Ke5 f3 56. Bh4 Kc7 57. Kf6 Bb5 58. h6 1-0

[Event "II Sofia open championship"]
[Site "?"]
[Date "2011.10.07"]
[Round "6.13"]
[White "Bedecs, Marton"]
[Black "Dyulgerov, Volen"]
[Result "1-0"]
[WhiteElo "1706"]
[BlackElo "1644"]
[PlyCount "63"]
[EventDate "2011.10.03"]
[SourceDate "2011.10.03"]

1. e4 c5 2. Nf3 d6 3. d4 cxd4 4. Nxd4 Nf6 5. Nc3 a6 6. Bd3 e6 7. Be3 Be7 8. O-O
O-O 9. h3 b5 10. a3 Bb7 11. Re1 Nbd7 12. Nde2 Nc5 13. Ng3 Nxd3 14. cxd3 d5 15.
Bd2 dxe4 16. dxe4 Bc5 17. Be3 Bxe3 18. Rxe3 Qxd1+ 19. Rxd1 Rfd8 20. Red3 Rxd3
21. Rxd3 Kf8 22. e5 Nd5 23. Nce4 Rc8 24. Nd6 Rc1+ 25. Kh2 Nf4 26. Rd4 Nxh3 27.
gxh3 Bd5 28. Nge4 f5 29. exf6 gxf6 30. Nxf6 Ke7 31. Nde4 Bxe4 32. Nxe4 1-0

[Event "II Sofia open championship"]
[Site "?"]
[Date "2011.10.07"]
[Round "6.1"]
[White "Petkov, Vladimir"]
[Black "Filev, Georgi"]
[Result "1-0"]
[WhiteElo "2511"]
[BlackElo "2350"]
[PlyCount "99"]
[EventDate "2011.10.03"]
[SourceDate "2011.10.03"]

1. Nf3 c5 2. c4 Nc6 3. Nc3 e5 4. g3 g6 5. Bg2 Bg7 6. a3 Nge7 7. O-O O-O 8. b4
d6 9. Rb1 Rb8 10. d3 b6 11. b5 Nd4 12. Nd2 Bb7 13. Bxb7 Rxb7 14. e3 Ne6 15. Nd5
f5 16. Bb2 Rd7 17. a4 Nxd5 18. cxd5 Nc7 19. e4 f4 20. Qg4 Rdf7 21. Nc4 Rf6 22.
Bc1 h5 23. Qh3 Qe8 24. f3 g5 25. Bd2 Rh6 26. Kh1 Rff6 27. Rg1 g4 28. fxg4 hxg4
29. Qxg4 Rhg6 30. Qe2 fxg3 31. Rxg3 Rxg3 32. hxg3 Qf7 33. Kg2 Ne8 34. Rf1 Rxf1
35. Qxf1 Qh5 36. Qf3 Qf7 37. Qg4 Kh7 38. Bg5 Bf8 39. Ne3 Ng7 40. Qh4+ Kg8 41.
Ng4 Qg6 42. Nh6+ Kh7 43. g4 Ne8 44. Nf5+ Kg8 45. Kf3 Ng7 46. Bf6 Ne8 47. Be7
Bg7 48. Bxd6 Bf6 49. Qh5 Qxh5 50. gxh5 1-0

[Event "II Sofia open championship"]
[Site "?"]
[Date "2011.10.07"]
[Round "6.7"]
[White "Ljangov, Petar"]
[Black "Spassov, Liubem"]
[Result "0-1"]
[WhiteElo "2113"]
[BlackElo "2367"]
[PlyCount "114"]
[EventDate "2011.10.03"]
[SourceDate "2011.10.03"]

1. d4 Nf6 2. Nf3 e6 3. e3 b6 4. Bd3 Bb7 5. Nbd2 c5 6. O-O cxd4 7. exd4 Be7 8.
c4 O-O 9. b3 Nc6 10. Bb2 d5 11. a3 Rc8 12. Qe2 Re8 13. Rfd1 Bf8 14. Rac1 Rc7
15. Qe3 g6 16. Ne5 dxc4 17. Nxc6 Bxc6 18. bxc4 Bg7 19. Be2 Qa8 20. Nf3 Rec8 21.
h3 Qb7 22. g3 Ba4 23. Re1 Qe4 24. Bd3 Qxe3 25. fxe3 Nd7 26. Rb1 Rd8 27. Bf1 Nf6
28. Bd3 Nd7 29. Bf1 h6 30. Ba1 f5 31. Rbc1 Rdc8 32. Bb2 Nc5 33. dxc5 Bxb2 34.
cxb6 axb6 35. Rb1 Bc3 36. Rec1 Ba5 37. Kf2 Kg7 38. Nd4 Kf6 39. Nb3 Bxb3 40.
Rxb3 Rd8 41. Rd3 Rxd3 42. Bxd3 e5 43. Rb1 e4 44. Be2 Rc6 45. g4 Bc3 46. gxf5
gxf5 47. h4 Be5 48. Rb5 Bd6 49. a4 Bc5 50. a5 bxa5 51. Rxa5 f4 52. Rxc5 Rxc5
53. exf4 Ra5 54. Ke3 Kf5 55. Kd4 Kxf4 56. c5 Ra2 57. Bb5 e3 0-1

[Event "II Sofia open championship"]
[Site "?"]
[Date "2011.10.07"]
[Round "6.6"]
[White "Krastev, Goran"]
[Black "Kukov, Velislav"]
[Result "0-1"]
[WhiteElo "1972"]
[BlackElo "2425"]
[PlyCount "82"]
[EventDate "2011.10.03"]
[SourceDate "2011.10.03"]

1. d4 d5 2. Nf3 Nc6 3. Bf4 Bg4 4. Nbd2 e6 5. e3 Bd6 6. Bxd6 cxd6 7. Be2 Nge7 8.
h3 Bh5 9. c3 O-O 10. g4 Bg6 11. h4 Be4 12. Rh3 Bxf3 13. Nxf3 e5 14. Nd2 Rb8 15.
g5 b5 16. f3 b4 17. Bd3 bxc3 18. bxc3 exd4 19. cxd4 Nb4 20. Bb1 Qc8 21. Rh1 Qc3
22. Ke2 Nec6 23. Bxh7+ Kh8 24. Nb3 Rfe8 25. Qc1 Nxa2 26. Rxa2 Rxb3 27. Qxc3
Rxc3 28. Bd3 Rxd3 29. Kxd3 Nb4+ 30. Kc3 Nxa2+ 31. Kb3 Rxe3+ 32. Kxa2 Rxf3 33.
Kb2 Rd3 34. Ra1 Rxd4 35. Rxa7 Rxh4 36. Rxf7 Kh7 37. Rf5 Rd4 38. Kc3 Rc4+ 39.
Kd3 Rc5 40. Kd4 Kg6 41. Rf8 Kxg5 0-1

[Event "II Sofia open championship"]
[Site "?"]
[Date "2011.10.07"]
[Round "6.3"]
[White "Orev, Petar"]
[Black "Badev, Kiril"]
[Result "1-0"]
[WhiteElo "2204"]
[BlackElo "2317"]
[PlyCount "67"]
[EventDate "2011.10.03"]
[SourceDate "2011.10.03"]

1. c4 c6 2. Nc3 e5 3. Nf3 d6 4. d4 Nd7 5. g3 Ngf6 6. Bg2 Be7 7. O-O O-O 8. Qc2
a6 9. Rd1 Qc7 10. a4 Re8 11. b3 Bf8 12. Ba3 e4 13. Ne1 d5 14. Bxf8 Nxf8 15.
cxd5 cxd5 16. Nxe4 Qd8 17. Nxf6+ gxf6 18. Nd3 Bf5 19. e3 Ne6 20. f4 Be4 21.
Bxe4 dxe4 22. Nc5 Rc8 23. Qxe4 f5 24. Qxf5 Ng7 25. Qd7 Qf6 26. Qxb7 Rc6 27.
Rac1 Qg6 28. Nd7 Rce6 29. Ne5 Qf5 30. g4 Qf6 31. Rc8 h5 32. Rxe8+ Rxe8 33. Qf3
Qh4 34. Qf2 1-0

[Event "II Sofia open championship"]
[Site "?"]
[Date "2011.10.08"]
[Round "7.3"]
[White "Filev, Georgi"]
[Black "Stoyanov, Ivaylo"]
[Result "1/2-1/2"]
[WhiteElo "2350"]
[BlackElo "2000"]
[PlyCount "87"]
[EventDate "2011.10.03"]
[SourceDate "2011.10.03"]

1. e4 c5 2. Nf3 Nc6 3. d4 cxd4 4. Nxd4 g6 5. c4 Bg7 6. Be3 Nf6 7. Nc3 d6 8. Be2
O-O 9. O-O Bd7 10. f4 Nxd4 11. Bxd4 Bc6 12. Bf3 Nd7 13. Bxg7 Kxg7 14. Qd2 a5
15. b3 f6 16. Kh1 Qb6 17. Bg4 Nc5 18. Rae1 a4 19. Nd5 Bxd5 20. exd5 axb3 21.
Rxe7+ Rf7 22. Rxf7+ Kxf7 23. axb3 Qxb3 24. f5 Qxc4 25. fxg6+ hxg6 26. Qd1 Qd3
27. Qe1 Re8 28. Qf2 Ne4 29. Qf4 Qxd5 30. Bf3 Qd4 31. Bxe4 Rxe4 32. Qh6 Rh4 33.
Qc1 Qc4 34. Qa1 Rf4 35. Rc1 Qe2 36. Re1 Qf2 37. h3 g5 38. Qb1 Rh4 39. Qxb7+ Kg6
40. Qe7 Rh8 41. Qe6 d5 42. Rd1 Qf5 43. Qxf5+ Kxf5 44. Rxd5+ 1/2-1/2